Capitals of the Western World Quiz Stats

 Plays Quiz not verified by Sporcle

Score 0/35 Timer 20:00
0 Plays Today
Country Capital % Correct
CanadaOttawa
100%
United StatesWashington
100%
MexicoMexico City
93.3%
BrazilBrasilia
93.3%
Argentina Buenos Aires
93.3%
The BahamasNassau
86.7%
CubaHavana
86.7%
JamaicaKingston
86.7%
HaitiPort Au Prince
86.7%
PanamaPanama City
86.7%
ColombiaBogota
86.7%
PeruLima
86.7%
BoliviaLa Paz
86.7%
ChileSantiago
86.7%
GuatemalaGuatemala City
80%
El SalvadorSan Salvador
80%
NicaraguaManagua
80%
VenezuelaCaracas
80%
Country Capital % Correct
EcuadorQuito
80%
UraguayMontevideo
80%
Dominican RepublicSanto Domingo
73.3%
Antigua and BarbudaSt Johns
73.3%
St Vincent and The GrenadinesKingstown
73.3%
GrenadaSt Georges
73.3%
Trinidad and TobagoPort of Spain
73.3%
BarbadosBridgetown
66.7%
DominicaRoseau
66.7%
St LuciaCastries
66.7%
BelizeBelmopan
66.7%
HondurasTegucigalpa
66.7%
Costa RicaSan Jose
66.7%
GuyanaGeorgetown
66.7%
SurinamePara Maribo
66.7%
ParaguayAsuncion
66.7%
St Kitts and NevisBasseterre
60%

You're not logged in!

Compare scores with friends on all Sporcle quizzes.
OR
Log In

Sporcle TV

Today on Sporcle TV


Watch our educational content, quiz creation guides, and fun videos on Sporcle TV.

Show Comments

Extras

Top Quizzes Today


Score Distribution

Your Account Isn't Verified!

In order to create a playlist on Sporcle, you need to verify the email address you used during registration. Go to your Sporcle Settings to finish the process.

Report this User

Report this user for behavior that violates our Community Guidelines.

Details: